World Map Without 15 Random Countries - Statistics

General Stats
  • This quiz has been taken 208 times
  • The average score is 13 of 15
Answers on the Map
Answers color-coded by a green-red scale on the quiz's map according to % correct below.
 
Answer Stats
Country % Correct
Afghanistan
100%
Algeria
100%
Angola
100%
Argentina
100%
Armenia
100%
Austria
100%
Bangladesh
100%
Belgium
100%
Bolivia
100%
Botswana
100%
Brazil
100%
Bulgaria
100%
Cameroon
100%
Canada
100%
Central African Republic
100%
Chad
100%
Chile
100%
China
100%
Costa Rica
100%
DR Congo
100%
Ecuador
100%
Egypt
100%
El Salvador
100%
Eritrea
100%
Eswatini
100%
Ethiopia
100%
Finland
100%
France
100%
Germany
100%
Ghana
100%
Guatemala
100%
Guyana
100%
Haiti
100%
Honduras
100%
India
100%
Indonesia
100%
Ireland
100%
Italy
100%
Ivory Coast
100%
Jamaica
100%
Kazakhstan
100%
Kiribati
100%
Laos
100%
Latvia
100%
Liberia
100%
Libya
100%
Mali
100%
Mauritania
100%
Mexico
100%
Moldova
100%
Mongolia
100%
Morocco
100%
Nepal
100%
Niger
100%
Nigeria
100%
North Korea
100%
Norway
100%
Oman
100%
Pakistan
100%
Panama
100%
Peru
100%
Poland
100%
Portugal
100%
Russia
100%
Saudi Arabia
100%
Senegal
100%
Slovakia
100%
Slovenia
100%
South Africa
100%
South Sudan
100%
Spain
100%
Sudan
100%
Suriname
100%
Sweden
100%
Switzerland
100%
Tajikistan
100%
Thailand
100%
Togo
100%
Turkey
100%
Turkmenistan
100%
Ukraine
100%
United Kingdom
100%
United States
100%
Uruguay
100%
Uzbekistan
100%
Venezuela
100%
Yemen
100%
Zambia
100%
Belarus
92%
Iraq
91%
Gabon
89%
Benin
88%
Jordan
88%
Romania
88%
Uganda
88%
Kenya
86%
Lithuania
86%
Madagascar
86%
South Korea
86%
Tunisia
86%
Serbia
85%
Burkina Faso
83%
Colombia
83%
Malawi
83%
Mozambique
83%
Myanmar
83%
Namibia
83%
Nauru
83%
Paraguay
83%
Somalia
83%
Tanzania
83%
Tonga
83%
Albania
80%
Denmark
80%
Equatorial Guinea
80%
Georgia
80%
Japan
80%
Republic of the Congo
80%
Sri Lanka
80%
Vanuatu
80%
Vietnam
80%
Cuba
78%
Kosovo
78%
Bosnia and Herzegovina
75%
Cape Verde
75%
Czech Republic
75%
Kuwait
75%
Lesotho
75%
Netherlands
75%
North Macedonia
75%
Rwanda
75%
Seychelles
75%
Zimbabwe
75%
Azerbaijan
71%
Greece
71%
Philippines
71%
Australia
67%
Burundi
67%
Comoros
67%
Guinea
67%
Hungary
67%
Iran
67%
Kyrgyzstan
67%
Maldives
67%
Nicaragua
67%
Palau
67%
Samoa
67%
Sierra Leone
67%
Guinea-Bissau
64%
Cambodia
63%
Fiji
63%
FS Micronesia
63%
Iceland
60%
New Zealand
60%
Sao Tome and Principe
60%
Taiwan
60%
Bahamas
50%
Belize
50%
Dominican Republic
50%
Estonia
50%
Israel
50%
Malaysia
50%
Malta
50%
Papua New Guinea
50%
Syria
50%
United Arab Emirates
50%
Marshall Islands
38%
Croatia
33%
Solomon Islands
33%
Tuvalu
30%
Mauritius
0%
No matching quizzes found
Score Distribution
Percent of People with Each Score
Percentile by Number Answered
Your Score History
You have not taken this quiz